[Event "Oberliga Ost-A 2122"]
[Site "Germany"]
[Date "2022.04.03"]
[Round "11.8"]
[White "Schramm, Torsten"]
[Black "Kuna, Ralf Michael"]
[Result "1/2-1/2"]
[WhiteElo "2225"]
[BlackElo "2110"]
[PlyCount "29"]
[EventDate "2021.10.10"]
[EventType "team-tourn"]
[EventRounds "11"]
[EventCountry "GER"]
[SourceTitle "EXT 2023"]
[Source "ChessBase"]
[SourceDate "2022.10.05"]
[SourceVersion "1"]
[SourceVersionDate "2022.10.05"]
[SourceQuality "1"]
[WhiteTeam "Nickelhuette Aue"]
[BlackTeam "Magdeburg Rochade"]
[WhiteTeamCountry "GER"]
[BlackTeamCountry "GER"]

1. Nf3 d5 2. d4 Nf6 3. c4 c6 4. cxd5 cxd5 5. Nc3 Nc6 6. e3 g6 7. Be2 Bg7 8. 0-0 0-0 9. b3 Bg4 10. Bb2 e6 11. Ne5 Bxe2 12. Qxe2 Nxe5 13. dxe5 Nd7 14. f4 a6 15. Rfd1 1/2-1/2

[Event "Sachsen-Anhalt Landesliga-A 1920"]
[Site "Sachsen Anhalt"]
[Date "2020.02.02"]
[Round "6.3"]
[White "Kuna, Ralf Michael"]
[Black "Grochulla, Alexander"]
[Result "1-0"]
[WhiteElo "2058"]
[BlackElo "1712"]
[PlyCount "71"]
[EventDate "2019.09.29"]
[EventType "team-tourn"]
[EventRounds "9"]
[EventCountry "GER"]
[SourceTitle "EXT 2023"]
[Source "ChessBase"]
[SourceDate "2022.10.05"]
[SourceVersion "1"]
[SourceVersionDate "2022.10.05"]
[SourceQuality "1"]
[WhiteTeam "Magdeburg Rochade II"]
[BlackTeam "Gardelegen"]
[WhiteTeamCountry "GER"]
[BlackTeamCountry "GER"]

1. e4 e6 2. d4 d5 3. Nc3 Bb4 4. e5 c5 5. a3 Bxc3+ 6. bxc3 Ne7 7. Qg4 Ng6 8. h4 Rg8 9. Bd3 c4 10. Bxg6 hxg6 11. h5 gxh5 12. Rxh5 Bd7 13. Rh7 Qa5 14. Ne2 Nc6 15. Bg5 b5 16. Qh4 Bc8 17. Rh8 Rxh8 18. Qxh8+ Kd7 19. Qf8 Kc7 20. Qxf7+ Bd7 21. Kd2 b4 22. Be7 bxc3+ 23. Ke3 Re8 24. Bd6+ Kc8 25. Rb1 Qd8 26. Nxc3 Qg5+ 27. Qf4 Qxg2 28. Nb5 Kd8 29. Qg3 Qe4+ 30. Kd2 Rg8 31. Qe3 Qf5 32. Bc5 Rh8 33. Nd6 Qh5 34. Qf4 Be8 35. Rb7 Qg6 36. Bxa7 1-0

[Event "Sachsen-Anhalt Landesliga-A 1920"]
[Site "Sachsen Anhalt"]
[Date "2019.10.20"]
[Round "2.4"]
[White "Heyne, Jan Hendrik"]
[Black "Kuna, Ralf Michael"]
[Result "1/2-1/2"]
[WhiteElo "1904"]
[BlackElo "2058"]
[PlyCount "83"]
[EventDate "2019.09.29"]
[EventType "team-tourn"]
[EventRounds "9"]
[EventCountry "GER"]
[SourceTitle "EXT 2023"]
[Source "ChessBase"]
[SourceDate "2022.10.05"]
[SourceVersion "1"]
[SourceVersionDate "2022.10.05"]
[SourceQuality "1"]
[WhiteTeam "Magdeburg Aufbau Elbe III"]
[BlackTeam "Magdeburg Rochade II"]
[WhiteTeamCountry "GER"]
[BlackTeamCountry "GER"]

1. d4 Nf6 2. Bf4 b6 3. Nf3 Bb7 4. e3 e6 5. Be2 Be7 6. h3 0-0 7. 0-0 d5 8. Nbd2 c5 9. c3 Nc6 10. Qb1 Bd6 11. Bxd6 Qxd6 12. Rd1 Rad8 13. Nb3 Ne4 14. c4 Qe7 15. cxd5 exd5 16. Bb5 Nb8 17. Nbd2 f5 18. Qc2 c4 19. Ba4 a6 20. Qc1 b5 21. Bc2 Nc6 22. a3 g5 23. Nh2 Rde8 24. Rf1 Bc8 25. Bxe4 fxe4 26. Qd1 Qf7 27. Qe2 Qg6 28. f3 Bf5 29. fxe4 Bxe4 30. Rxf8+ Rxf8 31. Rf1 Rxf1+ 32. Qxf1 Bf5 33. Qf3 Qe6 34. Qg3 h6 35. Ndf1 Kf7 36. Qc7+ Ne7 37. Nf3 Kg8 38. Ne5 Ng6 39. Qd8+ Kg7 40. Qc7+ Kg8 41. Qd8+ Kg7 42. Qc7+ 1/2-1/2

[Event "Sachsen-Anhalt Verbandsliga 2017/18"]
[Site "Sachsen Anhalt"]
[Date "2018.02.25"]
[Round "6.7"]
[White "Kuna, Ralf Michael"]
[Black "Lyashkevych, Igor"]
[Result "1-0"]
[WhiteElo "2103"]
[BlackElo "1906"]
[PlyCount "117"]
[EventDate "2017.12.22"]
[EventType "team-tourn"]
[EventRounds "9"]
[EventCountry "GER"]
[SourceTitle "EXT 2020"]
[Source "ChessBase"]
[SourceDate "2019.10.17"]
[SourceVersion "1"]
[SourceVersionDate "2019.10.17"]
[SourceQuality "1"]
[WhiteTeam "Magdeburg Rochade"]
[BlackTeam "Magdeburg USC"]
[WhiteTeamCountry "GER"]
[BlackTeamCountry "GER"]

1. e4 c5 2. Nf3 Nc6 3. d4 cxd4 4. Nxd4 e5 5. Nb5 a6 6. N5c3 h6 7. Be3 Nf6 8. Bc4 b5 9. Bd5 Be7 10. 0-0 0-0 11. f3 Rb8 12. a3 Bb7 13. Nd2 d6 14. Nb3 Qc7 15. Qd2 Rfd8 16. Qf2 Bc8 17. Rfd1 Bf8 18. Bxc6 Qxc6 19. Ba7 Ra8 20. Bb6 Re8 21. Na5 Qd7 22. Nd5 Nxd5 23. Rxd5 Bb7 24. Nxb7 Qxb7 25. Ba5 Qc6 26. Rad1 Rac8 27. c3 Re6 28. Qb6 Qxb6+ 29. Bxb6 Rc6 30. Ba5 g6 31. Bb4 f5 32. Re1 Kf7 33. a4 Rb6 34. Ra1 Re8 35. axb5 axb5 36. Ra7+ Ke6 37. Ba5 Rbb8 38. Bc7 fxe4 39. fxe4 Ra8 40. Rxa8 Rxa8 41. Rxb5 Ra4 42. Rb4 Ra2 43. Kf2 Kd7 44. Bb6 d5 45. Rb3 dxe4 46. Ke3 Ra4 47. Ke2 Kc6 48. Be3 Kd5 49. Rb5+ Ke6 50. Rb8 Bd6 51. Rb6 Kd5 52. Bxh6 Bc5 53. Rxg6 Ra2 54. Bc1 Ra1 55. Bd2 Ra2 56. Bc1 Ra1 57. Be3 Ra2 58. Bxc5 Kxc5 59. Ke3 1-0

[Event "Oberliga Ost-A 1516"]
[Site "Germany"]
[Date "2016.01.17"]
[Round "7.7"]
[White "Kuna, Ralf Michael"]
[Black "Kalkhof, Stefan"]
[Result "0-1"]
[WhiteElo "2138"]
[BlackElo "2221"]
[PlyCount "108"]
[EventDate "2015.09.20"]
[EventType "team-tourn"]
[EventRounds "11"]
[EventCountry "GER"]
[SourceTitle "EXT 2017"]
[Source "ChessBase"]
[SourceDate "2016.10.25"]
[SourceVersion "1"]
[SourceVersionDate "2016.10.25"]
[SourceQuality "1"]
[WhiteTeam "Magdeburg Rochade"]
[BlackTeam "Loeberitz"]
[WhiteTeamCountry "GER"]
[BlackTeamCountry "GER"]

1. e4 e6 2. d4 d5 3. exd5 exd5 4. Bd3 Nf6 5. Bg5 Be7 6. Nf3 Bg4 7. h3 Bh5 8. g4 Bg6 9. Bxf6 Bxf6 10. Qe2+ Qe7 11. Bxg6 Qxe2+ 12. Kxe2 hxg6 13. Nc3 c6 14. Kd3 Nd7 15. Rae1+ Kf8 16. g5 Be7 17. h4 Re8 18. Nd1 f6 19. Ne3 Kf7 20. Ng4 Bd6 21. Rxe8 Kxe8 22. Re1+ Kf7 23. b3 Nf8 24. c4 Ne6 25. gxf6 gxf6 26. Ne3 Rd8 27. c5 Bc7 28. b4 Nf4+ 29. Kc2 Nh3 30. Rf1 Bf4 31. Ng2 Re8 32. Kd3 Bh6 33. a4 a6 34. Ng1 Nxg1 35. Rxg1 f5 36. Rb1 Bg7 37. f3 Ra8 38. Nf4 Bf6 39. Ng2 Kg7 40. Rh1 Rh8 41. Re1 Kf7 42. Rh1 Be7 43. Kc3 Rh5 44. f4 Rh8 45. Kd3 Bf6 46. Rh3 Re8 47. Kc3 Re4 48. Rd3 Re2 49. Rg3 Ra2 50. Kb3 Rd2 51. h5 gxh5 52. Ne3 h4 53. Rh3 Rd3+ 54. Kc2 Ra3 0-1

[Event "Oberliga Ost-A 1516"]
[Site "Germany"]
[Date "2015.11.15"]
[Round "4.7"]
[White "Hartge, Gedeon"]
[Black "Kuna, Ralf Michael"]
[Result "1/2-1/2"]
[WhiteElo "1858"]
[BlackElo "2138"]
[PlyCount "108"]
[EventDate "2015.09.20"]
[EventType "team-tourn"]
[EventRounds "11"]
[EventCountry "GER"]
[SourceTitle "EXT 2017"]
[Source "ChessBase"]
[SourceDate "2016.10.25"]
[SourceVersion "1"]
[SourceVersionDate "2016.10.25"]
[SourceQuality "1"]
[WhiteTeam "Halle Volksbank"]
[BlackTeam "Magdeburg Rochade"]
[WhiteTeamCountry "GER"]
[BlackTeamCountry "GER"]

1. d4 Nf6 2. c4 e6 3. Nf3 Bb4+ 4. Nc3 c5 5. e3 Nc6 6. Bd3 Bxc3+ 7. bxc3 d6 8. 0-0 e5 9. Qc2 Qe7 10. d5 Nb8 11. Nd2 0-0 12. f4 Re8 13. Ne4 Nxe4 14. Bxe4 f5 15. Bxf5 Bxf5 16. Qxf5 e4 17. Bd2 Nd7 18. Qg4 Nb6 19. Qe2 Qd7 20. f5 Rf8 21. Rf4 Rae8 22. Raf1 Rf7 23. f6 g6 24. h4 Re5 25. Be1 Qa4 26. Qg4 Qxc4 27. h5 Rxh5 28. Rxe4 Rh1+ 29. Kxh1 Qxf1+ 30. Kh2 Qxf6 31. c4 Qf5 32. Qh4 g5 33. Re8+ Rf8 34. Rxf8+ Kxf8 35. Qh6+ Ke7 36. Qg7+ Qf7 37. Qxg5+ Ke8 38. Bh4 Kf8 39. Qh6+ Kg8 40. Qxd6 Nxc4 41. Qxc5 Ne5 42. d6 Qh5 43. Qd5+ Kf8 44. Qd4 Qf5 45. Be7+ Ke8 46. Qa4+ Kf7 47. Qb3+ Ke8 48. Qg8+ Kd7 49. Qd8+ Ke6 50. Qc8+ Nd7 51. Qc4+ Qd5 52. Qg4+ Qf5 53. Qc4+ Qd5 54. Qg4+ Qf5 1/2-1/2

[Event "Oberliga Ost-A 1112"]
[Site "Germany"]
[Date "2011.12.11"]
[Round "5.6"]
[White "Rafayevych, Vilen"]
[Black "Kuna, Ralf Michael"]
[Result "0-1"]
[WhiteElo "2097"]
[BlackElo "2147"]
[PlyCount "172"]
[EventDate "2011.09.25"]
[EventType "team-tourn"]
[EventRounds "11"]
[EventCountry "GER"]
[SourceTitle "EXT 2013"]
[Source "ChessBase"]
[SourceDate "2012.11.22"]
[SourceVersion "1"]
[SourceVersionDate "2012.11.22"]
[SourceQuality "1"]
[WhiteTeam "Magdeburg Aufbau Elbe"]
[BlackTeam "Magdeburg Rochade"]
[WhiteTeamCountry "GER"]
[BlackTeamCountry "GER"]

1. d4 Nf6 2. c4 e6 3. Nf3 b6 4. g3 Bb7 5. Bg2 Bb4+ 6. Bd2 Bxd2+ 7. Qxd2 0-0 8. 0-0 d5 9. cxd5 exd5 10. Nc3 Nbd7 11. b4 a6 12. Rfc1 Qe7 13. Rab1 Rfc8 14. a4 Ne4 15. Qf4 Nf8 16. Ne5 f6 17. Nd3 Nxc3 18. Rxc3 c6 19. Rb2 Re8 20. Qc1 Ne6 21. e3 Rad8 22. a5 b5 23. Nc5 Nxc5 24. Rxc5 Rd6 25. Rbc2 Qd7 26. h4 g6 27. Kh2 Kg7 28. Qd1 f5 29. Qf3 Re4 30. Bf1 Re7 31. Bd3 Qe6 32. Qf4 Rf7 33. Kg2 Qf6 34. Rc1 Bc8 35. h5 g5 36. Qe5 Bd7 37. Be2 Re7 38. Qxf6+ Rxf6 39. R5c3 f4 40. Bf3 g4 41. Bd1 f3+ 42. Kf1 Rh6 43. Bc2 Rxh5 44. Ke1 Rh2 45. Bd3 Kf6 46. R3c2 Re6 47. Rc5 Rd6 48. R1c2 Ke7 49. Kd1 Rdh6 50. e4 Rg2 51. Rd2 Kd6 52. e5+ Kc7 53. Kc1 Rhh2 54. Rcc2 h5 55. Kb2 h4 56. gxh4 g3 57. Bf1 Rg1 58. fxg3 Rxd2 59. Rxd2 Rxf1 60. Kc3 Rg1 61. Kd3 Rxg3 62. Rf2 Bf5+ 63. Ke3 Be4 64. h5 Rh3 65. Rf1 Rxh5 66. Rg1 Rh2 67. Rg7+ Kd8 68. Rf7 Ke8 69. e6 Rh6 70. Ra7 Rxe6 71. Rxa6 Kd7 72. Ra7+ Kc8 73. Rg7 Kb8 74. Rg8+ Kb7 75. Rf8 Re7 76. Rf6 Rh7 77. Kf4 Rh2 78. a6+ Kb6 79. a7 Ra2 80. Ke5 Rxa7 81. Kd6 Rg7 82. Rf8 Kb7 83. Kc5 Rg5 84. Rf7+ Kc8 85. Rc7+ Kd8 86. Kxc6 f2 0-1

[Event "Oberliga Ost-A 1011"]
[Site "Germany"]
[Date "2011.02.06"]
[Round "7.7"]
[White "Kuna, Ralf Michael"]
[Black "Beltz, Franziska"]
[Result "0-1"]
[WhiteElo "2123"]
[BlackElo "2137"]
[PlyCount "104"]
[EventDate "2010.10.24"]
[EventType "team-tourn"]
[EventRounds "11"]
[EventCountry "GER"]
[SourceTitle "EXT 2012"]
[Source "ChessBase"]
[SourceDate "2011.11.24"]
[SourceVersion "1"]
[SourceVersionDate "2011.11.24"]
[SourceQuality "1"]
[WhiteTeam "Magdeburg Rochade"]
[BlackTeam "Leipzig Gohlis"]
[WhiteTeamCountry "GER"]
[BlackTeamCountry "GER"]

1. e4 c5 2. Nf3 d6 3. d4 cxd4 4. Nxd4 Nf6 5. f3 e5 6. Nb5 a6 7. N5c3 Be6 8. Bg5 Nbd7 9. Nd5 Bxd5 10. exd5 Qb6 11. b3 Qa5+ 12. Bd2 Qxd5 13. c4 Qc6 14. Nc3 Be7 15. Bd3 0-0 16. 0-0 d5 17. cxd5 Nxd5 18. Nxd5 Qxd5 19. Be3 Nf6 20. Bc4 Qa5 21. Bg5 e4 22. Bh4 b5 23. Be2 Rfd8 24. Qb1 Rd2 25. Re1 Bc5+ 26. Kh1 Bd4 27. Bxf6 Bxf6 28. Qxe4 Rf8 29. Rad1 Rxa2 30. b4 Qa3 31. Rd6 Qb2 32. Bf1 Ra4 33. Rb1 Qc3 34. Bd3 g6 35. Bc2 Ra2 36. Rc6 Qd2 37. Rd1 Qf2 38. Rxf6 Rxc2 39. Rg1 Re2 40. Qb1 Rfe8 41. Qf1 Qh4 42. Rxa6 Re1 43. g3 Rxf1 44. gxh4 Rxf3 45. h5 Rf2 46. hxg6 hxg6 47. Ra3 Rb2 48. h4 Rxb4 49. Rh3 Ree4 50. h5 Rh4 51. Kh2 Rb2+ 52. Kg3 Rc4 0-1

[Event "Oberliga Ost-A 1011"]
[Site "Germany"]
[Date "2010.11.14"]
[Round "3.7"]
[White "Kuna, Ralf Michael"]
[Black "Mader, Joerg"]
[Result "1-0"]
[WhiteElo "2123"]
[BlackElo "2054"]
[PlyCount "99"]
[EventDate "2010.10.24"]
[EventType "team-tourn"]
[EventRounds "11"]
[EventCountry "GER"]
[SourceTitle "EXT 2012"]
[Source "ChessBase"]
[SourceDate "2011.11.24"]
[SourceVersion "1"]
[SourceVersionDate "2011.11.24"]
[SourceQuality "1"]
[WhiteTeam "Magdeburg Rochade"]
[BlackTeam "Leipzig VfB"]
[WhiteTeamCountry "GER"]
[BlackTeamCountry "GER"]

1. e4 e5 2. Nf3 Nf6 3. d4 exd4 4. e5 Ne4 5. Qxd4 d5 6. exd6 Nxd6 7. Bd3 Nc6 8. Qf4 Be7 9. 0-0 Be6 10. Nc3 h6 11. Nb5 g5 12. Qd2 Qd7 13. Nbd4 Nxd4 14. Nxd4 Bd5 15. Qe2 0-0-0 16. Be3 f5 17. c4 Be4 18. c5 Bxd3 19. Qxd3 Ne4 20. c6 Qd5 21. cxb7+ Qxb7 22. Qc4 Nd6 23. Qe6+ Rd7 24. Nxf5 Nxf5 25. Qxf5 Qd5 26. Qg4 Bd6 27. g3 h5 28. Qd4 Qxd4 29. Bxd4 Rh6 30. Be3 Rg6 31. Rfd1 h4 32. Kg2 hxg3 33. hxg3 g4 34. Rac1 Be5 35. Rxd7 Kxd7 36. Rc2 Rc6 37. Rxc6 Kxc6 38. b3 Kb5 39. Bf4 Bd4 40. Bxc7 Kb4 41. Bd6+ Kc3 42. f3 gxf3+ 43. Kxf3 Kb2 44. Ke4 Bf2 45. Kd3 Kxa2 46. Kc4 a5 47. g4 Be3 48. Be7 Bh6 49. g5 Bg7 50. Bf6 1-0

[Event "Oberliga Ost-A 0910"]
[Site "Germany"]
[Date "2010.04.11"]
[Round "11.6"]
[White "Jaehn, Michael"]
[Black "Kuna, Ralf Michael"]
[Result "0-1"]
[WhiteElo "1971"]
[BlackElo "2117"]
[PlyCount "118"]
[EventDate "2009.10.18"]
[EventType "team-tourn"]
[EventRounds "11"]
[EventCountry "GER"]
[SourceTitle "EXT 2011"]
[Source "ChessBase"]
[SourceDate "2010.11.26"]
[SourceVersion "1"]
[SourceVersionDate "2010.11.26"]
[SourceQuality "1"]
[WhiteTeam "Leipzig VfB"]
[BlackTeam "Magdeburg Rochade"]
[WhiteTeamCountry "GER"]
[BlackTeamCountry "GER"]

1. d4 Nf6 2. Nf3 b5 3. a4 b4 4. g3 a5 5. Bg2 Bb7 6. 0-0 d5 7. c3 e6 8. cxb4 Bxb4 9. Bf4 0-0 10. Ne5 Nbd7 11. Nd3 Be7 12. Nc3 c5 13. dxc5 Nxc5 14. Nxc5 Bxc5 15. Nb5 Rc8 16. Rc1 Qb6 17. Rxc5 Qxc5 18. Bd6 Qc2 19. Bxf8 Qxd1 20. Rxd1 Kxf8 21. Nd6 Rc7 22. Bf3 Ke7 23. Nb5 Rc2 24. Rb1 Ba6 25. e3 Bxb5 26. axb5 Kd6 27. b4 axb4 28. Rxb4 Kc5 29. Rb1 Kb6 30. Kf1 Rc5 31. Be2 Ne8 32. Ra1 Nc7 33. Bd3 g6 34. Kg2 e5 35. h4 f5 36. h5 e4 37. hxg6 hxg6 38. Bf1 Rc2 39. Ra4 g5 40. Kg1 Rb2 41. Bh3 Rb1+ 42. Kh2 g4 43. Bg2 Rxb5 44. Ra2 Rb1 45. Rc2 Rd1 46. Rc3 Nb5 47. Rc8 Nd6 48. Rc3 Nc4 49. Rb3+ Kc7 50. Rb5 Ne5 51. Ra5 Kb6 52. Ra8 Rd2 53. Kg1 Nd3 54. Bf1 Nxf2 55. Rf8 Nd1 56. Rxf5 Nxe3 57. Rf4 Rd1 58. Kf2 Nxf1 59. Ke2 Rd3 0-1

[Event "Oberliga Ost-A 0910"]
[Site "Germany"]
[Date "2010.01.23"]
[Round "6.7"]
[White "Rost, Wolfgang"]
[Black "Kuna, Ralf Michael"]
[Result "0-1"]
[WhiteElo "1841"]
[BlackElo "2117"]
[PlyCount "56"]
[EventDate "2009.10.18"]
[EventType "team-tourn"]
[EventRounds "11"]
[EventCountry "GER"]
[SourceTitle "EXT 2011"]
[Source "ChessBase"]
[SourceDate "2010.11.26"]
[SourceVersion "1"]
[SourceVersionDate "2010.11.26"]
[SourceQuality "1"]
[WhiteTeam "Magdeburg USC"]
[BlackTeam "Magdeburg Rochade"]
[WhiteTeamCountry "GER"]
[BlackTeamCountry "GER"]

1. d4 Nf6 2. f3 d5 3. e4 dxe4 4. Nc3 exf3 5. Nxf3 Bg4 6. h3 Bf5 7. g4 Bg6 8. Ne5 Nbd7 9. Qf3 c6 10. h4 Nxe5 11. dxe5 Nd5 12. Bc4 e6 13. h5 Bxc2 14. 0-0 Bc5+ 15. Kg2 0-0 16. Ne4 Bxe4 17. Qxe4 Nb6 18. Bb3 Qd4 19. Qe2 Nd5 20. Bg5 Ne3+ 21. Kh3 Qxe5 22. Bf4 Qd4 23. Rf3 Nd5 24. Be5 Qb4 25. h6 f5 26. gxf5 Rxf5 27. Rxf5 exf5 28. Rg1 Bxg1 0-1